000 00790cam a2200265 a 4500
001 000009002
005 20200929161448.0
008 990512s1999 mx 000|f spa d
020 _a9681905318
040 _aDO-SdBNP
_cDLC
_dDLC
082 _aM863.44
_bF954a
100 1 _aFuentes, Carlos,
_d1928-
_99774
245 1 4 _aLos años con Laura Díaz /
_cCarlos Fuentes.
260 _aMéxico :
_bAlfaguara,
_c1999.
300 _a600 p. ;
_c22 cm.
490 1 _aBiblioteca Carlos Fuentes
650 4 _aNovela mexicana
_93959
651 4 _aMéxico
_xHistoria
_ySIGLO XX
_xNovela
_923626
650 4 _aMujeres
_xNovelas
_923627
650 4 _aLiteratura mexicana
_91922
830 0 _aBiblioteca Carlos Fuentes
_923404
910 _aCatalogación por copia / LC
910 _aWM
049 _aBNGR
999 _c8766
_d8766